| 000 | 00000nam 2200000zi 4500 |
| 001 | 9.879507 |
| 003 | CaOODSP |
| 005 | 20221107165530 |
| 006 | m o d f |
| 007 | cr cn||||||||| |
| 008 | 190920s2020 onc o f000 0 eng d |
| 020 | |a9780660326672 |
| 040 | |aCaOODSP|beng|erda|cCaOODSP |
| 043 | |an-cn--- |
| 045 | |ay1y1 |
| 086 | 1 |aHP2-4/2017E-1-PDF |
| 245 | 00|aCIPARS 2017 : |bexecutive summary. |
| 264 | 1|a[Guelph, Ont.] : |bCanadian Integrated Program for Antimicrobial Resistance Surveillance = Programme intégré canadien de surveillance de la résistance aux antimicrobiens, |c[2020] |
| 300 | |a1 online resource (1 page) |
| 336 | |atext|btxt|2rdacontent |
| 337 | |acomputer|bc|2rdamedia |
| 338 | |aonline resource|bcr|2rdacarrier |
| 500 | |aIssued also in French under title: Programme intégré canadien de surveillance de la résistance aux antimicrobiens (PICRA) 2017 : sommaire. |
| 500 | |a"Pub.: 190359." |
| 610 | 20|aCanadian Integrated Program for Antimicrobial Resistance Surveillance. |
| 650 | 0|aDrug resistance in microorganisms|zCanada. |
| 650 | 0|aAnti-infective agents|zCanada. |
| 710 | 2 |aCanadian Integrated Program for Antimicrobial Resistance Surveillance. |
| 710 | 2 |aPublic Health Agency of Canada. |
| 775 | 08|tPICRA 2017 : |w(CaOODSP)9.879511 |
| 794 | |tCIPARS 2018 : |w(CaOODSP)9.884670 |
| 856 | 40|qPDF|s120 KB|uhttps://publications.gc.ca/collections/collection_2020/aspc-phac/HP2-4-2017-eng-1.pdf |